Statistics for Movie Questions

Click here to take the quiz!

General Stats

  • This quiz has been taken 17,169 times
    (7,106 since last reset)
  • The average score is 10 of 18

Answer Stats

Question Movie % Correct
I'm Ron Burgundy?Anchorman
81%
Shall we shag now, or shall we shag later? Austin Powers
80%
Have you ever been on a real shrimp boat?Forrest Gump
80%
You talkin' to me?Taxi Driver
73%
Why so serious?The Dark Knight
73%
Why'd it have to be snakes?Raiders of the Lost Ark
73%
Mrs. Robinson, you're trying to seduce me. Aren't you?The Graduate
70%
What's in the box?Se7en
56%
You're thinking "did he fire six shots or only five?"Dirty Harry
54%
Funny how, I mean funny like I'm a clown, I amuse you?Goodfellas
49%
Do you have any vacancies?Psycho
48%
Wanna hear the most annoying sound in the world?Dumb & Dumber
46%
Wait, there's a guy on our team who dresses like a pirate?Dodgeball
44%
They speak English in What?Pulp Fiction
36%
You don't tip?Reservoir Dogs
33%
Are you too good for your HOME?Happy Gilmore
27%
Was it over when the Germans bombed Pearl Harbor?Animal House
27%
I see you're drinking 1%. Is that 'cause you think you're fat?Napoleon Dynamite
25%

Score Distribution

Percentile by Number Answered

Percent of People with Each Score

Your Score History

You have not taken this quiz since the last reset